00410nam a2200157Ia 4500008004100000020001800041082001400059100002200073245002500095250000900120260004100129300002300170500001900193600002000212650002000232240925s9999 xx 000 0 und d a9789386668059 a338.5 NIC aNicholson, Walter 0aMicroeconomic Theory a12th aNew Delhi:bCengage Learningc,2017. a171p.b0fOriginal aIncludes Index aSocial Sciences aSocial Sciences